| 000 | 00889cab a2200217 4500 | ||
|---|---|---|---|
| 001 | ABS57412 | ||
| 008 | 090401t1997 xxu||||| |||| 00| 0 eng d | ||
| 035 | _a(Sirsi) u80630 | ||
| 041 | _aeng | ||
| 100 | _aJones, D. | ||
| 245 | _aIs expert determination a `final and binding` alternative? | ||
| 260 | _c1997 | ||
| 350 | _a0 | ||
| 490 |
_aArbitration _v63(3) August 1997, 213-226(14) |
||
| 520 | _aExamines the use of expert determination as a means of alternative dispute resolution. Used as a less cumbersome and expensive alternative to arbitration and litigation. Describes the process, the differences, and the liability of the experts. | ||
| 650 | _aALTERNATIVE DISPUTE RESOLUTION | ||
| 650 | _aEXPERT DETERMINATION | ||
| 690 | _aMANAGEMENT-DISPUTE AVOIDANCE, MANAGEMENT AND RESOLUTION-DISPUTE MANAGEMENT AND RESOLUTION-ARBITRATION | ||
| 942 | _n0 | ||
| 948 | _c02/09/1997 | ||
| 999 |
_c50760 _d50760 |
||